Statistics for Athletes Who Wore #7

Click here to take the quiz!

General Stats

  • This quiz has been taken 28 times
  • The average score is 8 of 20

Answer Stats

TeamYearsPlayer% Correct
Real Madrid2009-2018Cristiano Ronaldo
76%
Pittsburgh Steelers2004-2021Ben Roethlisberger
68%
Paris Saint-Germain2017-Kylian Mbappe
68%
Manchester United1996, 1998-2003David Beckham
60%
Denver Broncos1983-1998John Elway
60%
Brooklyn Nets2021-2023Kevin Durant
60%
Atlanta
Falcons
2001-2006Michael Vick
52%
New York
Knicks
2011-2017Carmelo Anthony
48%
Boston
Celtics
2017-Jaylen Brown
48%
Houston
Astros
1989-2007Craig Biggio
36%
Toronto Raptors2013-2021Kyle Lowry
36%
Cincinnati Bengals1984-1997Boomer Esiason
32%
New York Yankees1951-1968Mickey Mantle
32%
Texas Rangers1991-2002, 2009Ivan Rodriguez
28%
Minnesota Twins2004-2018Joe Mauer
28%
Chicago White Sox2017-Tim Anderson
28%
Boston Bruins1967-1976Phil Esposito
24%
Chicago Blackhawks1990-1999Chris Chelios
20%
Boston Bruins1979-2000Ray Bourque
16%
Los Angeles Dodgers2016-Julio Urias
8%

Score Distribution

Percentile by Number Answered

Percent of People with Each Score

Your Score History

You have not taken this quiz